[Event "Manizales Castro Memorial"]
[Site "Manizales"]
[Date "2015.12.19"]
[Round "5"]
[White "Jaramillo Duque, David"]
[Black "Pelaez, Nelson"]
[Result "1-0"]
[WhiteElo "1759"]
[BlackElo "1600"]
[PlyCount "67"]
[EventDate "2015.12.17"]
[EventType "swiss"]
[EventRounds "7"]
[EventCountry "COL"]
[SourceTitle "CBM 170 Extra"]
[Source "ChessBase"]
[SourceDate "2016.02.25"]
[SourceVersion "1"]
[SourceVersionDate "2016.02.25"]
[SourceQuality "1"]

1. e4 g6 2. d4 d6 3. Nc3 c6 4. Be3 Bg7 5. Nge2 b5 6. Qd2 a6 7. 0-0-0 a5 8. f4 e6 9. d5 b4 10. Nb1 cxd5 11. exd5 e5 12. fxe5 Bxe5 13. Bd4 Nd7 14. Ng3 Ngf6 15. Bb5 0-0 16. Bc6 Ra6 17. Qd3 Bf4+ 18. Nd2 Ne5 19. Bxe5 dxe5 20. Kb1 Ng4 21. Qf3 f5 22. Nc4 Bh6 23. Bb5 Ra7 24. Qb3 Nf2 25. Nxe5 Nxh1 26. Nc6 Qb6 27. Nxa7 Qxa7 28. Nxh1 Bd7 29. Bxd7 Qxd7 30. Nf2 Qd6 31. h3 Bg7 32. Re1 Rd8 33. Re6 Qxd5 34. Re8+ 1-0